000 00693nam a2200289Ia 4500
005 20260324141700.0
008 008 260324s9999 xx 000 0 eng d
020 _a9780203053287
037 _aEBOOK
040 _aCRL
040 _beng
040 _cCRL
041 _2eng
041 _aeng
084 _qCRL
100 _aShawn M. Glynn; Reinders Duit
_91209102
245 0 _aLearning Science in the Schools
245 0 _bResearch Reforming Practice
260 _bTaylor and Francis
260 _c1996
365 _a
365 _b230
856 _uhttp://www.taylorfrancis.com/books/9780203053287
942 _cEBOOK
999 _c1812459
_d1812459